000 04465nas a22002657a 4500
003 NALT
005 20250326155416.0
006 a|||p|r|||| 00| 0
007 ta
008 250326b th |||p| |||| 00| 0 tha d
040 _aNALT
041 _atha
245 0 0 _aนิติศาสตร์ มหาวิทยาลัยธรรมศาสตร์ ปีที่ 34 ฉบับที่ 3-4 (ก.ย.-ธ.ค. 2547)
260 _aคณะนิติศาสตร์ มหาวิทยาลัยธรรมศาสตร์
310 _aรายสามเดือน
500 _aวารสารเย็บเล่ม
505 2 _aปีที่ 34 ฉบับที่ 3 ก.ย. 2547 -- ข้อพิจารณาเบื้องต้นเกี่ยวกับมโนภาพหรือข้อความผิดและการนิยามในทางนิติศาสตร์ -- Constitutional Law, Democracy and Thai Folk Wisdom -- ข้อพิจารณาบางประการเกี่ยวกับพระราชกฤษฎีกาว่าด้วยการเสนอเรื่องและการประชุมคณะรัฐมนตรีฯ -- การอุดหนุนเงินให้พรรคการเมืองโดยรัฐและ การควบคุมเงินบริจาค : การปรับปรุงระบบของประเทศไทย โดยศึกษาเปรียบเทียบกับระบบของประเทศเยอรมัน -- ปัญหาเกี่ยวกับอำนาจหน้าที่ของผู้ตรวจการแผ่นดินของ รัฐสภาในฐานะที่เป็นองค์กรตรวจสอบองค์กรของรัฐ -- การเพิกถอนการโอนทรัพย์สินของลูกหนี้ในคดีล้มละลาย -- เรียนอย่างไรให้ได้เกียรตินิยม ตอนที่ 2 (จบ) -- การปรับปรุง กฎหมายเกี่ยวกับทรัพยากรน้ำและการจัดทำร่างพระราชบัญญัติทรัพยากรทางน้ำ -- การแก้ไขกฎหมายที่กีดกันคนพิการในการเข้าไปมีส่วนร่วมในสังคม : ศึกษากรณีกฎหมายและ กฎระเบียบที่จำกัดสิทธิคนพิการในการประกอบอาชีพ.
_aปีที่ 34 ฉบับที่ 4 ธ.ค. 2547 -- กฎหมายคุ้มครองข้อมูลข่าวสารส่วนบุคคลในประเทศญี่ปุ่น -- กฎหมายคุ้มครองข้อมูลส่วนบุคคลของประเทศสหรัฐอเมริกาและประเทศออสเตรเลีย -- การโอนข้อมูลส่วนบุคคลระหว่างประเทศ -- La protection des donness personnelles dans le secteur prive en droit positif thailanddais -- การคุ้มครองข้อมูล ส่วนบุคคลในประเทศไทย -- แนวคิดและหลักการยกร่างกฎหมายว่าด้วยการคุ้มครองข้อมูลส่วนบุคคลของประเทศไทย -- The Rise and Fall of the Southeast Asian Treaty Organization (SEATO) -- การศึกษาการพัฒนาระบบชันสูตรพลิกศพในประเทศไทย.
650 0 _aการคุ้มครองข้อมูลส่วนบุคคล
_xกฎหมายและระเบียบข้อบังคับ
_963818
850 _aNALT
866 _aปีที่ 34 ฉบับที่ 3 (ก.ย. 2547)
866 _aปีที่ 34 ฉบับที่ 4 (ธ.ค. 2547)
942 _cBOUND
996 _aaroonthip.c
_bLIBSTF
_c2025-03-26
999 _c106433
_d106433
998 _h179
_j179
_k อรุณทิพย์ จันทร์ดิษฐ์